Qui est cette célébrité ? #2 Facile - Statistiques

Statistiques générales
  • Ce quiz a été pris 228 fois
  • Le résultat moyen est 11 sur 20
Statistiques - réponses
Par images Hint Réponse % Correct
Football (soccer) Cristiano Ronaldo
98%
Pop Shakira
81%
Coach Zinédine Zidane
74%
Pop Billie Eilish
71%
Football (soccer) Luka Modric
70%
Pop Harry Styles
69%
Basketball LeBron James
69%
Pop P!nk
65%
Basketball Michael Jordan
56%
Basketball Kobe Bryant
55%
Coach Pep Guardiola
45%
Coach Luis Enrique
42%
Football (soccer) Robert Lewandowski
42%
Coach Carlo Ancelotti
40%
K-pop Lisa
39%
Football (soccer) Emiliano Martinez
38%
K-pop Rosé
32%
Basketball Kevin Durant
28%
K-pop V
25%
K-pop Jin
20%
Aucun quiz correspondant
Distribution des résultats
% des personnes avec chaque résultat
Percentile par nombre de réponses
Votre historique - résultats
Vous n’avez pas pris ce quiz